A knight at the opera /

Bibliographic Details
Main Author: Bing, Rudolf, 1902-1997
Format: Book
Language:English
Published: New York : Putnam, [1981]
Subjects:

MARC

Tag First Indicator Second Indicator Subfields
LEADER 00000pam a2200000 a 4500
001 in00000092286
005 20150923132040.0
008 810601s1981 nyuaf 00110aeng
010 |a  81010534  
020 |a 0399126538 :  |c $14.95 
035 |a (OCoLC)07573207 
035 |9 AAK7368AM 
039 0 |a 2  |b 3  |c 3  |d 3  |e 3 
040 |a DLC  |c DLC  |d TXA  |d UtOrBLW 
049 |a TXAM  |c [1673618] 
050 0 0 |a ML429 B52  |b  A33 1981 
082 0 |a 782.1/092/4  |a B  |2 19 
100 1 |a Bing, Rudolf,  |d 1902-1997. 
245 1 2 |a A knight at the opera /  |c Sir Rudolf Bing. 
264 1 |a New York :  |b Putnam,  |c [1981] 
264 4 |c ©1981 
300 |a 287 pages, 24 unnumbered pages of plates :  |b illustrations ;  |c 23 cm. 
336 |a text  |b txt  |2 rdacontent 
337 |a unmediated  |b n  |2 rdamedia 
338 |a volume  |b nc  |2 rdacarrier 
500 |a Includes index. 
600 1 0 |a Bing, Rudolf,  |d 1902-1997. 
650 0 |a Impresarios  |v Biography. 
999 |a MARS 
999 f f |s 02ff20e2-c760-36d3-938f-cf3462eec47b  |i 5a7115c0-496c-3988-a8a2-7c5830b87e85  |t 0 
952 f f |p ric  |a Texas A&M University  |b Rellis Campus  |c Joint Library Facility  |d Remote Storage  |t 0  |e ML429 B52 A33 1981  |h Library of Congress classification  |i unmediated -- volume  |m A14806006409 
998 f f |a ML429 B52 A33 1981  |t 0  |l Remote Storage